Implementation of frequency hopping spread spectrum using direct digital synthesis / (Record no. 183529)
[ view plain ]
| 000 -LEADER | |
|---|---|
| fixed length control field | 00935 a2200193 4500 |
| 003 - CONTROL NUMBER IDENTIFIER | |
| control field | NUST |
| 005 - DATE AND TIME OF LATEST TRANSACTION | |
| control field | 20251113134655.0 |
| 040 ## - CATALOGING SOURCE | |
| Transcribing agency | Nust |
| 082 ## - DEWEY DECIMAL CLASSIFICATION NUMBER | |
| Classification number | 621.382,MUR |
| 100 ## - MAIN ENTRY--PERSONAL NAME | |
| Personal name | Murtaza, NC Hammad TCC-14 |
| 9 (RLIN) | 131884 |
| 245 ## - TITLE STATEMENT | |
| Title | Implementation of frequency hopping spread spectrum using direct digital synthesis / |
| Statement of responsibility, etc. | NC - Hammad Murtaza, PC Majid Hameed Meer, PC Sajid Hameed and NC Rumman Niaz Khan. |
| 260 ## - PUBLICATION, DISTRIBUTION, ETC. | |
| Place of publication, distribution, etc. | Rawalpindi |
| Name of publisher, distributor, etc. | MCS (NUST) |
| Date of publication, distribution, etc. | 2006 |
| 300 ## - PHYSICAL DESCRIPTION | |
| Extent | 51 p.; |
| 505 ## - FORMATTED CONTENTS NOTE | |
| Statement of responsibility | Introduction (Page-1), Frequency Hopping Spread Spectrum (Page-4), Fundamentals of DDS technology (Pge-10), Frequency/Phase Hopping Capability of A DDS Device (Page-18), The Effect of DAC Resolution on Spurious Performance (Page-21), Data Encoding Methodologies and DDS Implementations (Page-34), Conclusion (Page-38). |
| 650 ## - SUBJECT ADDED ENTRY--TOPICAL TERM | |
| Topical term or geographic name entry element | UG Projects |
| 9 (RLIN) | 98716 |
| 651 ## - SUBJECT ADDED ENTRY--GEOGRAPHIC NAME | |
| Geographic name | TCC-14 |
| 700 ## - ADDED ENTRY--PERSONAL NAME | |
| Personal name | Supervised by Capt (R) Muzzaffar Ali |
| 9 (RLIN) | 131885 |
| 942 ## - ADDED ENTRY ELEMENTS (KOHA) | |
| Source of classification or shelving scheme | |
| Koha item type | Project Report |
| Withdrawn status | Lost status | Source of classification or shelving scheme | Damaged status | Not for loan | Permanent Location | Current Location | Shelving location | Date acquired | Full call number | Barcode | Date last seen | Price effective from | Koha item type | Public note |
|---|---|---|---|---|---|---|---|---|---|---|---|---|---|---|
| Military College of Signals (MCS) | Military College of Signals (MCS) | Reference | 12/12/2016 | 621.382,HAM | MCSPTC-67 | 12/08/2016 | 12/12/2016 | Project Report | Almirah No. 94, Shelf No. 2 |
